000
00354 a2200169 4500
001
192552
020
_a
978-85-08-03795-7
040
_c
Magnum
100
_a
França, Mary
240
1
0
_a
Que bicho será ?
_l
por
245
1
0
_a
Que bicho será ?
300
_a
16
362
0
_a
2000
440
1
_a
Ática
697
_a
LITERATURA INFANTIL
942
_c
BK
999
_c
192552
_d
192552